History of the greek and roman world. tomo 6 /

Guardado en:
Formato: Libro
Publicado: London : Methuen & Co., 1957
Materias:
Etiquetas: Agregar Etiqueta
Sin Etiquetas, Sea el primero en etiquetar este registro!
LEADER 00476nam a22001455a 4500
001 EHU.bham014145
003 AR-BHAM
005 20100308151244.0
008 130507s1957##################000#0#####d
082 9 3 |a 938 
245 0 0 |a History of the greek and roman world. tomo 6 / 
260 |a London :  |b Methuen & Co.,  |c 1957 
653 |a Historia antigua-grecia 
653 |a Libro de escasa demanda 
859 |a AR-BHAM  |b BIB. HUMANIDADES - Lectura de escasa demanda  |h 938  |i H629  |p 506.62  |t Ej.1  |v VI LED1493  |3 VI